000 00203nam a22000977a 4500
003 SGT
245 _aNIGHTINGALE NURSING TIMES
260 _bNIGHTINGALE EDUCATION
_c2016
300 _a490
942 _2ddc
_cBV
999 _c19639
_d19639